00516nam a22001817a 450000500170000001000140001702000230003102000260005403500130008003700130009308200080010610000170011424500530013126000370018427000490022130000250027050000390029520100727101556.0 aENG-96972 a8188569119c195.00 a9788188569113c195.00 aEN-80505 bDBAD/PUB a921 aKamath,M. V. aGandhi :bA Spiritual Journey /cby M. V. Kamath aMumbaibIndus Source Booksc2007 aPO Box 6194 ,Malabar Hill PObMumbaie400006 axi,199p.c22cm (pbk) aincludes bibliographical refrences